000 01078nac a2200301 i 4500
003 EG-GICUC
005 20260302114011.0
008 260302b1992 sz ||||fr|||| 00| 0 eng d
040 _aEG-GiCUC
_beng
_cEG-GiCUC
_dEG-GiCUC
_erda
082 0 4 _221
_a343.078.624
092 0 4 _221
099 _aLaw 12 1992
110 _aFederation internationale des ingenieurs-conseils.
245 0 0 _aAmicable settement of construction disputes :
_bA report of FIDIC's Alternative dispute resolution task committee /
_cTask committee Chairman & Report editor David Holland.
264 _aSwitzerland :
_bFIDIC,
_c1992.
300 _a43 Page ;
_c30 cm.
336 _2rda content
_atext
337 _2rda media
_aComputer
338 _2rda carrier
_aOnline Resource
650 0 _aConstruction industry
_xClaims
650 0 _aDispute resolution ( Law )
650 0 _aArbitration and award,
651 1 _2qrmak
710 _aAlternative dispute resolution task committee.
856 4 0 _uhttps://fll.law.cu.edu.eg/fulltext/bks/ENGB12-00055.pdf
905 _a10
942 _2ddc
_cBK
_e21
_n0
999 _c64573
_d64573